000 00365nam a22001337a 4500
999 _c257114
_d257113
003 OSt
005 20180802104005.0
008 180802b xxu||||| |||| 00| 0 eng d
040 _cN/A
050 _aQ123
_b.H73 1974
245 _aThe illustrated science and invention encyclopedia
_bhow it works
260 _aNew York
_bH.S. Stuttman Co Inc
_c1974
942 _2lcc
_cBK